|
|
|
|
| LEADER |
00000nam0a2200000 4500 |
| 001 |
379129 |
| 005 |
20231102013049.0 |
| 035 |
|
|
|a (RuTPU)RU\TPU\retro\36591
|
| 090 |
|
|
|a 379129
|
| 100 |
|
|
|a 20230629d1958 k y0rusy50 ca
|
| 101 |
0 |
|
|a rus
|
| 102 |
|
|
|a RU
|
| 105 |
|
|
|a a z 001zy
|
| 200 |
1 |
|
|a Труды Первой межвузовской конференции по авиационным лопаточным машинам, проведенной в Казанском авиационном институте с 26 по 30 ноября 1956 г.
|e [сборник]
|f отв. ред. Е. Л. Веллер
|
| 210 |
|
|
|a Москва
|c Оборонгиз
|d 1958
|
| 215 |
|
|
|a 359 с.
|c ил.
|
| 320 |
|
|
|a Библиогр. в конце ст.
|
| 512 |
1 |
|
|a Труды конференции по авиационным лопаточным мащинам
|
| 606 |
1 |
|
|a Авиационные лопаточные машины
|2 stltpush
|3 (RuTPU)RU\TPU\subj\443
|9 29368
|
| 610 |
1 |
|
|a турбомашины
|
| 610 |
1 |
|
|a лопатки
|
| 610 |
1 |
|
|a мощность
|
| 610 |
1 |
|
|a камеры
|
| 610 |
1 |
|
|a сгорание
|
| 610 |
1 |
|
|a зазоры
|
| 610 |
1 |
|
|a турбины
|
| 610 |
1 |
|
|a колебания
|
| 675 |
|
|
|a 629.73.03
|v 4
|
| 702 |
|
1 |
|a Веллер
|b Е. Л.
|4 340
|
| 801 |
|
1 |
|a RU
|b 63413507
|c 20230629
|
| 942 |
|
|
|c BK
|